| 000 | 00878nam a22002657a 4500 | ||
|---|---|---|---|
| 999 |
_c15479 _d15479 |
||
| 003 | MIRAKIL | ||
| 005 | 20240227094923.0 | ||
| 008 | 240227b tu ||||| |||| 00| 0 tur d | ||
| 020 | _a9786257031165 | ||
| 040 |
_aTR-AnCHP _cTR-AnCHP |
||
| 041 | _atur | ||
| 082 |
_a814.42 _bE64z 2020 |
||
| 090 | _a814.42 E64z 2020 | ||
| 100 |
_aErkin, Barış Evren _d1945- _eyazar |
||
| 245 | 1 | 0 |
_aZamanda ve mekanda - + sonsuzluk / _cBarış Evren Erkin. |
| 250 | _a1. basım: Mayıs 2020 | ||
| 260 |
_aİstanbul : _bParola Yayınları, _c2020. |
||
| 300 |
_a144 sayfa : _bfotoğraf ; _c21 cm. |
||
| 490 | 0 |
_aParola Yayınları ; _v537. |
|
| 490 | 0 |
_aDeneme ; _v03. |
|
| 500 | _aYazarın gerçek adı "Nail Gündüz"dür | ||
| 650 | 0 |
_919 _aTürk edebiyatı _xdeneme |
|
| 856 | _zDijital Nüshası için Partimizin Kütüphane Sorumlusu ile iletişime geçiniz. | ||
| 942 |
_2ddc _cBKS |
||